000 00622nam a2200181Ia 4500
008 100920s9999 xx 000 0 und d
082 _b38529
_a24 थ 74
100 _aमनोहर अशोक.
245 _aखेडयातील श्रमिकांनो.
260 _bमागोवा प्रकाशन, पुणे 4.
_c1974
300 _a56
_bसाधी
365 _b0.5
520 _aसायो.
630 _aखेडयातील श्रमिकांनो.
650 _aसायो.
730 _aखेडयातील श्रमिकांनो.
942 _cBOOK
999 _c690530
_d690527